| 000 | 00783cam a2200229 a 4500 | ||
|---|---|---|---|
| 001 | 12931813 | ||
| 005 | 20180227034010.0 | ||
| 008 | 020916s2004 maua b 001 0 eng | ||
| 010 | _a 2002015191 | ||
| 020 | _a0072532947 (acidfree paper) | ||
| 040 |
_aDLC _cDLC _dDLC |
||
| 041 | _aeng | ||
| 080 | _a510 BEN | ||
| 082 | 0 | 0 |
_a510 BEN _221 |
| 100 | 1 | _a36 | |
| 101 | _aMAT | ||
| 245 | 1 | 0 |
_aMathematics for elementary teachers : _cAlbert B. Bennett, Jr., L. Ted Nelson. |
| 504 | _aIncludes bibliographical references (p. 798-799) and index. | ||
| 906 |
_a7 _bcbc _corignew _d1 _eecip _f20 _gy-gencatlg |
||
| 942 |
_2ddc _cBK |
||
| 999 |
_c43542 _d43542 |
||